La diaspora philippine - Statistiques

Statistiques générales
  • Ce quiz a été pris 47 fois
  • Le résultat moyen est 12 sur 15
Statistiques - réponses
Nombre Pays % Correct
4 640 300 États-Unis
100%
200 000 France
93%
332 290 Japon
93%
408 830 Australie
90%
957 355 Canada
90%
200 000 Espagne
88%
164 000 Royaume-Uni
88%
245 000 Malaisie
79%
919 820 Émirats arabes unis
74%
725 890 Arabie Saoudite
71%
158,926 Italie
69%
67,630 Nouvelle-Zélande
69%
203 240 Singapour
69%
240 000 Qatar
67%
276 000 Koweït
60%
Aucun quiz correspondant
Distribution des résultats
% des personnes avec chaque résultat
Percentile par nombre de réponses
Votre historique - résultats
Vous n’avez pas pris ce quiz